000
00305nam a2200121Ia 4500
008
151213s9999 xx 000 0 und d
245
_a
Building Institutions for markets
260
_a
New yeork
_b
Oxford University
_c
2002
300
_a
2051 p.
650
_a
Marketing
650
_a
Marketing
999
_c
1506
_d
1506